Hacia una comprensión teórica de la religión de los oprimidos /

Trata sobre el surgimiento en América Latina y Centroamérica de una corriente al interior de la Iglesia, o de las Iglesias tradicionales que se entiende a si misma como la Iglesia de los Pobres - Presenta un marco conceptual, dentro de la teoría social, para hacer comprensible el fenómeno mediante e...

Szczegółowa specyfikacja

Zapisane w:
Opis bibliograficzny
1. autor: Opazo Bernales, Andrés
Format: Texto
Język:Spanish
Hasła przedmiotowe:
Etykiety: Dodaj etykietę
Nie ma etykietki, Dołącz pierwszą etykiete!

MARC

LEADER 00000 a a2200000 04500
001 20783
003 cru CRAI/IIS
005 20210512134806.0
008 210512b |||||||| |||| 00| 0 spa d
040 |c cru CRAI/IIS 
100 1 |a Opazo Bernales, Andrés  |9 3178 
245 1 |a Hacia una comprensión teórica de la religión de los oprimidos /  |c Andrés Opazo Bernales 
300 |a páginas 11-58 
500 |a Colección Centroamérica 
520 |a Trata sobre el surgimiento en América Latina y Centroamérica de una corriente al interior de la Iglesia, o de las Iglesias tradicionales que se entiende a si misma como la Iglesia de los Pobres - Presenta un marco conceptual, dentro de la teoría social, para hacer comprensible el fenómeno mediante el cual en la iglesia han surgido sectores identificados con el pueblo combativo, al agudizarse las contradicciones sociales, expone el problema de lo religioso desde diferentes posiciones filosófico - científicas o sea que busca precisar el enfoque científico para el análisis de los fenómenos religiosos, desde el punto de vista de su incidencia en la conformación de la acción social. Sitúa el fenómeno religioso en el eje de la dominación - liberación de las clases oprimidas  
650 4 |9 3179  |a IGLESIA CATOLICA 
650 0 |9 2795  |a RELIGION 
651 0 |9 17  |a AMERICA LATINA 
773 0 |0 18875  |9 5334  |a Universidad de Costa Rica.  |d San José, Costa Rica: Universidad de Costa Rica. Consejo Superior Universitario Centroamericano, 1972-  |o 14007  |t Estudios Sociales Centroamericanos /  |x 03039676 
942 |2 ddc  |c PP 
999 |c 43670  |d 43670